| 000 | 01811nam a2200349 i 4500 | ||
|---|---|---|---|
| 005 | 20210818182137.0 | ||
| 008 | 110822s2006 sp a br 000 pdspa d | ||
| 020 | _a8478717110 | ||
| 040 |
_aCOMFC _bspa _erda |
||
| 041 | 1 |
_aspa _heng |
|
| 100 | 1 |
_aWhitman, Walt _d1819-1892 _eaut |
|
| 245 | 1 | 3 |
_aEl astrónomo _cun poema de Walt Whitman ; ilustraciones de Loreng Long ; traducción Miguel Ángel Mendo |
| 250 | _aPrimera edición | ||
| 264 |
_aBarcelona _bRBA Libros _c2006 |
||
| 300 |
_a[32] páginas sin numerar _bilustraciones en color _c25 cm |
||
| 336 |
_2rdacontent _atxt |
||
| 337 |
_2rdamedia _an |
||
| 338 |
_2rdacarrier _anc |
||
| 500 | _aIncluye datos biográficos del autor | ||
| 520 | 3 | _aPoema sobre la búsqueda del conocimiento en una perfecta unión entre la poesía y su iluminación que va más allá de ser complementaria; la combinación entre verso y color crea una narración perfecta que ayuda a comprender la poderosa afición del niño y como se contraponen, a lo largo del relato, las imágenes ricas en color y calor y las palabras de emoción, como el rumor de las conversaciones sociales frente al silencio universal de un dibujo del sistema solar, o la atracción hacia la curiosidad frente al discurso rígido y ensayado del astrónomo | |
| 521 | _aRecomendado para niños de 8 años en adelante | ||
| 534 | _tWhen I heard the learn'd astronomer | ||
| 700 | 1 |
_aLoreng Long _eill |
|
| 700 | 1 |
_aMendo, Miguel âAngel _d1949- _etrl |
|
| 082 | 0 | 4 |
_a811 _bW614a |
| 650 | 1 | 4 |
_aLiteratura infantil estadounidense _ySiglo XIX |
| 650 | 1 | 4 |
_aPoesía infantil estadounidense _ySiglo XIX |
| 650 | 1 | 4 | _aAstronomía en la literatura |
| 650 | 1 | 4 | _aNiños en la literatura |
| 650 | 1 | 4 | _aImaginación en la literatura |
| 942 |
_2ddc _h811 W614a _k811 _mW614a |
||
| 999 |
_c14519 _d14519 |
||